Recent results in the theory of graph spectra /
"The purpose of the present book is to review the results in spectral graph theory which have, with only a few exceptions, appeared after 1978."--Introduction.
Guardado en:
| Otros Autores: | |
|---|---|
| Formato: | Libro |
| Idioma: | English |
| Publicado: |
Amsterdam :
North-Holland,
1988.
|
| Series: | Annals of discrete mathematics ;
36 |
| Materias: | |
| Etiquetas: |
Agregar Etiqueta
Sin Etiquetas, Sea el primero en etiquetar este registro!
|
| LEADER | 00969pam a2200253 a 4500 | ||
|---|---|---|---|
| 001 | MAT.inmabb003891 | ||
| 008 | 871028s1988####ne#a#####b####001#0#eng## | ||
| 005 | 20130304163944.0 | ||
| 245 | 0 | 0 | |a Recent results in the theory of graph spectra / |c Dragos M. Cvetkovic ... [et al.]. |
| 260 | |a Amsterdam : |b North-Holland, |c 1988. | ||
| 300 | |a xi, 306 p. : |b il. ; |c 25 cm. | ||
| 440 | 0 | |a Annals of discrete mathematics ; |v 36 | |
| 520 | 8 | |a "The purpose of the present book is to review the results in spectral graph theory which have, with only a few exceptions, appeared after 1978."--Introduction. | |
| 504 | |a Incluye referencias bibliográficas (p. 233-290) e índices. | ||
| 510 | 4 | |a MR, |c 89d:05130 | |
| 020 | |a 0444703616 | ||
| 700 | 1 | |a Cvetkovic, Dragos M. | |
| 740 | 0 | |a Graph spectra. | |
| 650 | 0 | |a Graph theory. | |
| 650 | 0 | |a Matrices. | |
| 084 | |a 05C50 (05C75 92A40) |2 MR | ||
| 010 | |a 87030577 | ||
| 040 | |a DLC |c DLC |d DLC | ||
| 859 | |h 05 |i C993r |p A-6454 |b BIB. MATEMATICA | ||
